000 00513cam a2200205 4500
001 J421
008 090401t1989 xxu||||| |||| 00| 0 eng d
035 _a(Sirsi) u74866
041 _aeng
050 _a333.33025
110 _aRoyal Institution of Chartered Surveyors
_94900
245 _aList of members 1990.
260 _aBasingstoke
_bMacMillan
_c1989
300 _axxi,903p. ; 25cm.
350 _a0
650 _aABOUT RICS-RICS MEMBERS
650 _aDIRECTORIES
942 _n0
948 _c04/03/1997
999 _c95933
_d95933